[Event "2. BUNDESLIGA MITTE 2019/2020"]
[Site "Linz"]
[Date "2019.10.11"]
[Round "1"]
[Board "6"]
[White "Kristoferitsch, Daniel"]
[Black "Rechberger, Franz"]
[Result "1/2-1/2"]
[WhiteElo "2108"]
[BlackElo "2117"]
[PlyCount "60"]
[EventDate "2019.10.11"]
[EventType "team"]
[EventRounds "11"]
[EventCountry "AUT"]
[WhiteTeam "Schachfreunde Graz"]
[BlackTeam "SPG Freistadt/Wartberg"]

1. Nf3 Nf6 2. c4 e6 3. Nc3 d5 4. d4 dxc4 5. e3 c5 6. Bxc4 Be7 7. O-O O-O 8.
dxc5 Qxd1 9. Rxd1 Bxc5 10. a3 a6 11. b4 Ba7 12. Bb2 b5 13. Be2 Nc6 14. a4 bxa4
15. Rxa4 Bb7 16. Rda1 Rab8 17. Bxa6 Bb6 18. Bxb7 Rxb7 19. Kf1 Rfb8 20. Bc1 Bc7
21. b5 Ne7 22. Bd2 Ned5 23. Nxd5 Nxd5 24. Nd4 Be5 25. Nc6 Bxa1 26. Nxb8 Rxb5
27. Rxa1 Rxb8 28. Ke2 h6 29. Kd3 Nb4+ 30. Bxb4 Rxb4  1/2-1/2

[Event "2. BUNDESLIGA MITTE 2019/2020"]
[Site "Linz"]
[Date "2019.10.11"]
[Round "1"]
[Board "1"]
[White "Kociscak, Jiri"]
[Black "Tratar, Marko"]
[Result "1-0"]
[WhiteElo "2510"]
[BlackElo "2443"]
[PlyCount "71"]
[EventDate "2019.10.11"]
[EventType "team"]
[EventRounds "11"]
[EventCountry "AUT"]
[WhiteTeam "SV Steyregg"]
[BlackTeam "Frauental"]

1. d4 Nf6 2. c4 e6 3. Nc3 Bb4 4. Qc2 d5 5. a3 Bxc3+ 6. Qxc3 O-O 7. Nf3 dxc4 8.
Qxc4 b6 9. Bg5 Ba6 10. Qc2 Nbd7 11. e4 Bxf1 12. Rxf1 h6 13. Bxf6 Nxf6 14. O-O-O
Rc8 15. Kb1 c5 16. dxc5 Qc7 17. c6 Qxc6 18. Qxc6 Rxc6 19. Ne5 Rc7 20. f3 Rfc8
21. Rc1 Kf8 22. Rxc7 Rxc7 23. Rc1 Ne8 24. Nc6 f6 25. b4 b5 26. Rc5 e5 27. Kb2
h5 28. h4 g6 29. Kb3 Kg7 30. a4 bxa4+ 31. Kxa4 Kf8 32. b5 Rd7 33. Rd5 Rb7 34.
Ka5 Nc7 35. Rd8+ Kf7 36. Rb8  1-0

[Event "2. BUNDESLIGA MITTE 2019/2020"]
[Site "Linz"]
[Date "2019.10.11"]
[Round "1"]
[Board "2"]
[White "Schachinger, Mario"]
[Black "Velicka, Petr"]
[Result "1/2-1/2"]
[WhiteElo "2402"]
[BlackElo "2426"]
[PlyCount "61"]
[EventDate "2019.10.11"]
[EventType "team"]
[EventRounds "11"]
[EventCountry "AUT"]
[WhiteTeam "Frauental"]
[BlackTeam "SV Steyregg"]

1. e4 c6 2. d4 d5 3. e5 Bf5 4. Nd2 e6 5. Nb3 Nd7 6. Nf3 Ne7 7. Be2 c5 8. Nxc5
Nxc5 9. dxc5 Nc6 10. Be3 Be4 11. O-O Bxf3 12. Bxf3 Na5 13. Be2 Be7 14. Bb5+ Nc6
15. c4 a6 16. Ba4 O-O 17. cxd5 exd5 18. Qd2 d4 19. Bxc6 dxe3 20. Qxd8 Raxd8 21.
Bxb7 Bxc5 22. fxe3 Bxe3+ 23. Kh1 a5 24. Rad1 g6 25. Rd5 Rxd5 26. Bxd5 Kg7 27.
g4 Bd4 28. b3 f6 29. Kg2 Rd8 30. Bc4 h6 31. Rf3  1/2-1/2

[Event "2. BUNDESLIGA MITTE 2019/2020"]
[Site "Linz"]
[Date "2019.10.11"]
[Round "1"]
[Board "3"]
[White "Meyer, Gordon"]
[Black "Krebs, Johann"]
[Result "1/2-1/2"]
[WhiteElo "2211"]
[BlackElo "2226"]
[PlyCount "120"]
[EventDate "2019.10.11"]
[EventType "team"]
[EventRounds "11"]
[EventCountry "AUT"]
[WhiteTeam "SV Steyregg"]
[BlackTeam "Frauental"]

1. e4 c6 2. d4 d5 3. exd5 cxd5 4. c4 Nf6 5. Nc3 Nc6 6. Nf3 g6 7. cxd5 Nxd5 8.
Qb3 Nxc3 9. Bc4 e6 10. bxc3 Bd7 11. Be2 Na5 12. Qb2 Bg7 13. Bf4 Bc6 14. O-O O-O
15. Rfd1 Qd5 16. Qb4 b6 17. c4 Qf5 18. Bd6 Rfd8 19. Rac1 Rac8 20. c5 Nb7 21.
Be7 Re8 22. cxb6 axb6 23. Bh4 Qa5 24. Qxa5 bxa5 25. Ne5 Ba4 26. Re1 Nd6 27. g4
Bh6 28. g5 Bg7 29. Bg3 Nf5 30. Nc4 Nxd4 31. Bg4 h5 32. Nd6 Rxc1 33. Rxc1 hxg4
34. Rc4 Rb8 35. Rxa4 Rb1+ 36. Kg2 Rd1 37. h3 gxh3+ 38. Kxh3 Bf8 39. Rxa5 Nc6
40. Ra8 e5 41. Ne8 f5 42. gxf6 Kf7 43. Rc8 Nd8 44. Nc7 Kxf6 45. Rxd8 Rxd8 46.
Bh4+ g5 47. Bxg5+ Kxg5 48. Ne6+ Kf5 49. Nxd8 e4 50. Kg2 Ba3 51. Kf1 Ke5 52. Ke2
Kd5 53. Nf7 Be7 54. Nh6 Bc5 55. Ng4 Bd4 56. Ne3+ Kc5 57. Nc2 Bf6 58. a4 Kb6 59.
Ne3 Ka5 60. Ng4 Kxa4  1/2-1/2

[Event "2. BUNDESLIGA MITTE 2019/2020"]
[Site "Linz"]
[Date "2019.10.11"]
[Round "1"]
[Board "4"]
[White "Khalakhan, Jurij"]
[Black "Enoeckl, Philipp"]
[Result "1/2-1/2"]
[WhiteElo "2249"]
[BlackElo "2283"]
[PlyCount "64"]
[EventDate "2019.10.11"]
[EventType "team"]
[EventRounds "11"]
[EventCountry "AUT"]
[WhiteTeam "Frauental"]
[BlackTeam "SV Steyregg"]

1. e4 e6 2. d4 d5 3. Nd2 Be7 4. e5 c5 5. c3 Nc6 6. Bd3 cxd4 7. cxd4 Nh6 8. Ne2
Nf5 9. O-O Qb6 10. Nf3 Bd7 11. Bxf5 exf5 12. Nf4 Be6 13. Nh5 Rg8 14. h4 h6 15.
Re1 O-O-O 16. Re3 Rd7 17. b4 g5 18. hxg5 hxg5 19. Nf6 Bxf6 20. exf6 f4 21. Rc3
Bg4 22. Qa4 Bxf3 23. b5 Bd1 24. Qxd1 Qxb5 25. Rc5 Qa6 26. Qg4 Kd8 27. Bxf4 Qd3
28. Be3 Rh8 29. Rac1 Qh7 30. Kf1 Qd3+ 31. Kg1 Qh7 32. Kf1 Qd3+  1/2-1/2

[Event "2. BUNDESLIGA MITTE 2019/2020"]
[Site "Linz"]
[Date "2019.10.11"]
[Round "1"]
[Board "5"]
[White "Wiesinger, Robert"]
[Black "Ebner, Hubert"]
[Result "1/2-1/2"]
[WhiteElo "2230"]
[BlackElo "2210"]
[PlyCount "39"]
[EventDate "2019.10.11"]
[EventType "team"]
[EventRounds "11"]
[EventCountry "AUT"]
[WhiteTeam "SV Steyregg"]
[BlackTeam "Frauental"]

1. e4 e6 2. d4 d5 3. Nc3 dxe4 4. Nxe4 Bd7 5. Nf3 Bc6 6. Bd3 Nd7 7. c3 Ngf6 8.
Nxf6+ Nxf6 9. Bf4 Bxf3 10. Qxf3 c6 11. Be5 Nd7 12. Bg3 Nf6 13. O-O Be7 14. Rad1
Qd5 15. Qxd5 cxd5 16. Bb5+ Kd8 17. Bd3 Kd7 18. Bb5+ Kd8 19. Bd3 Kd7 20. Bb5+
 1/2-1/2

[Event "2. BUNDESLIGA MITTE 2019/2020"]
[Site "Linz"]
[Date "2019.10.11"]
[Round "1"]
[Board "6"]
[White "Skuhala, Jernej"]
[Black "Stolz, Julius"]
[Result "1/2-1/2"]
[WhiteElo "2266"]
[BlackElo "2130"]
[PlyCount "61"]
[EventDate "2019.10.11"]
[EventType "team"]
[EventRounds "11"]
[EventCountry "AUT"]
[WhiteTeam "Frauental"]
[BlackTeam "SV Steyregg"]

1. e4 e5 2. Nf3 Nc6 3. Bc4 Bc5 4. O-O Nf6 5. Qe2 d6 6. c3 O-O 7. Rd1 Bg4 8. h3
Bh5 9. d3 d5 10. exd5 Nxd5 11. b4 Be7 12. g4 Bg6 13. b5 Na5 14. Nxe5 Bf6 15. d4
Nxc4 16. Nxg6 hxg6 17. Qxc4 Re8 18. Qd3 Bg5 19. Qf3 Bxc1 20. Rxc1 Qg5 21. Na3
Nf4 22. Re1 Qh6 23. Kh2 g5 24. Nc4 a6 25. bxa6 Qxa6 26. Ne3 Qd3 27. Red1 Qxc3
28. Rac1 Qb2 29. h4 Ra3 30. Re1 Qxd4 31. Nf5  1/2-1/2

[Event "2. BUNDESLIGA MITTE 2019/2020"]
[Site "Linz"]
[Date "2019.10.11"]
[Round "1"]
[Board "1"]
[White "Schmidt, Peter"]
[Black "Rogic, Davor"]
[Result "1/2-1/2"]
[WhiteElo "2396"]
[BlackElo "2494"]
[PlyCount "115"]
[EventDate "2019.10.11"]
[EventType "team"]
[EventRounds "11"]
[EventCountry "AUT"]
[WhiteTeam "SPG Sauwald"]
[BlackTeam "SV Aspernig Transporte St. Veit 2"]

1. Nf3 d5 2. g3 g6 3. Bg2 Bg7 4. d4 Nd7 5. O-O Ngf6 6. a4 O-O 7. c4 e6 8. b3 b6
9. cxd5 exd5 10. Nc3 Bb7 11. b4 Re8 12. Bb2 Ne4 13. e3 c5 14. bxc5 bxc5 15. a5
Rb8 16. Qc2 Ba8 17. Ne2 Rb5 18. Rfb1 Rxa5 19. dxc5 Ndxc5 20. Bxg7 Kxg7 21. Nfd4
Rxa1 22. Rxa1 Qc7 23. Nf4 Rb8 24. Qa2 a6 25. Nxd5 Qb7 26. Nf4 Qb2 27. f3 Nc3
28. Qa5 Nb5 29. Rd1 Qc3 30. Qxc3 Nxc3 31. Rc1 Rb1 32. Rxb1 Nxb1 33. Kf1 a5 34.
Ke2 Bb7 35. Kd1 Na3 36. Bf1 Ba6 37. Bxa6 Nxa6 38. Nd5 Nc4 39. Kc2 f5 40. Kb3
Nd2+ 41. Ka4 Nc5+ 42. Kxa5 Nd3 43. h3 Ne1 44. e4 fxe4 45. Ne6+ Kg8 46. fxe4
Nxe4 47. g4 Nf3 48. Kb5 Nf2 49. Nf6+ Kf7 50. Nxh7 Kxe6 51. Nf8+ Kf7 52. Nxg6
Kxg6 53. h4 Ne5 54. g5 Kh5 55. g6 Nxg6 56. Kc5 Ng4 57. Kd4 Nf6 58. Ke3  1/2-1/2

[Event "2. BUNDESLIGA MITTE 2019/2020"]
[Site "Linz"]
[Date "2019.10.11"]
[Round "1"]
[Board "2"]
[White "Dietmayer-Kraeutler, Marco"]
[Black "Renner, Christoph"]
[Result "1-0"]
[WhiteElo "2342"]
[BlackElo "2311"]
[PlyCount "120"]
[EventDate "2019.10.11"]
[EventType "team"]
[EventRounds "11"]
[EventCountry "AUT"]
[WhiteTeam "SV Aspernig Transporte St. Veit 2"]
[BlackTeam "SPG Sauwald"]

1. d4 f5 2. c4 Nf6 3. Nf3 g6 4. g3 Bg7 5. Bg2 O-O 6. O-O d6 7. Nc3 c6 8. b3 Na6
9. Bb2 Bd7 10. Qd3 Re8 11. Rad1 e5 12. dxe5 dxe5 13. e4 Nc5 14. Qd6 Bf8 15. Qd2
fxe4 16. Ng5 Bg4 17. Qxd8 Raxd8 18. Rxd8 Rxd8 19. Ngxe4 Nfxe4 20. Bxe4 Nxe4 21.
Nxe4 Bf3 22. Nf6+ Kf7 23. Nxh7 Be7 24. Bc1 Rd3 25. Ng5+ Bxg5 26. Bxg5 c5 27. h3
Ke6 28. Kh2 a5 29. Be3 b6 30. g4 Rc3 31. Kg3 Be2 32. Rh1 Rc2 33. h4 Rxa2 34. h5
gxh5 35. gxh5 Bd3 36. h6 Bh7 37. Rd1 Rb2 38. Rd8 Rxb3 39. Rh8 Bc2 40. h7 Bxh7
41. Rxh7 Rb4 42. Kf3 a4 43. Ke2 Kd6 44. Rh6+ Kc7 45. Kd3 e4+ 46. Kxe4 Rxc4+ 47.
Kd5 Rb4 48. Rh7+ Kb8 49. f4 Rb3 50. Ke4 a3 51. Rh1 Kc7 52. Ra1 Kd6 53. Bc1 Rc3
54. Bxa3 Rc4+ 55. Ke3 b5 56. Rc1 Rxc1 57. Bxc1 Kd5 58. Bb2 b4 59. Bg7 c4 60.
Bf8 b3  1-0

[Event "2. BUNDESLIGA MITTE 2019/2020"]
[Site "Linz"]
[Date "2019.10.11"]
[Round "1"]
[Board "3"]
[White "Testor, Sebastian"]
[Black "Ceschia, Ivano"]
[Result "1-0"]
[WhiteElo "2332"]
[BlackElo "2211"]
[PlyCount "69"]
[EventDate "2019.10.11"]
[EventType "team"]
[EventRounds "11"]
[EventCountry "AUT"]
[WhiteTeam "SPG Sauwald"]
[BlackTeam "SV Aspernig Transporte St. Veit 2"]

1. d4 e6 2. Nf3 c5 3. g3 cxd4 4. Nxd4 d5 5. Bg2 Nf6 6. O-O e5 7. Nf3 Nc6 8. c4
d4 9. e3 dxe3 10. Qxd8+ Nxd8 11. Bxe3 Nc6 12. Nc3 Be6 13. b3 Ng4 14. Bc1 f6 15.
Rd1 Rd8 16. Rxd8+ Kxd8 17. h3 Nh6 18. g4 Nf7 19. Be3 h5 20. g5 Kc8 21. gxf6
gxf6 22. Nd5 f5 23. Ng5 Nxg5 24. Bxg5 h4 25. Re1 e4 26. Kf1 Bxd5 27. cxd5 Nb4
28. f3 Nd3 29. Rd1 exf3 30. Bxf3 Ne5 31. Bf6 Nxf3 32. Bxh8 Bd6 33. Rd3 Nh2+ 34.
Kg1 Bg3 35. Bf6  1-0

[Event "2. BUNDESLIGA MITTE 2019/2020"]
[Site "Linz"]
[Date "2019.10.11"]
[Round "1"]
[Board "4"]
[White "Hebesberger, Thomas"]
[Black "Taggatz, Mario"]
[Result "0-1"]
[WhiteElo "2241"]
[BlackElo "2207"]
[PlyCount "68"]
[EventDate "2019.10.11"]
[EventType "team"]
[EventRounds "11"]
[EventCountry "AUT"]
[WhiteTeam "SV Aspernig Transporte St. Veit 2"]
[BlackTeam "SPG Sauwald"]

1. c4 f5 2. g3 Nf6 3. Bg2 d6 4. Nc3 e5 5. d3 Be7 6. e4 fxe4 7. dxe4 c6 8. Nge2
O-O 9. O-O Be6 10. b3 a6 11. a4 a5 12. h3 Na6 13. Be3 Nd7 14. Nc1 Ndc5 15. Nd3
Bf6 16. Nxc5 Nxc5 17. Bxc5 dxc5 18. Qxd8 Raxd8 19. Rfd1 Kf7 20. Rxd8 Rxd8 21.
Rd1 Rd4 22. h4 g5 23. hxg5 Bxg5 24. Bf3 Ke7 25. Kf1 Bd2 26. Na2 b5 27. Ke2 Bg5
28. Rxd4 cxd4 29. Kd3 bxa4 30. bxa4 Kd6 31. Bd1 Kc5 32. Bb3 Bg4 33. Kc2 Bf3 34.
Nc1 Bxc1  0-1

[Event "2. BUNDESLIGA MITTE 2019/2020"]
[Site "Linz"]
[Date "2019.10.11"]
[Round "1"]
[Board "5"]
[White "Hiermann, Dietmar"]
[Black "Guetz, Wolfgang"]
[Result "1-0"]
[WhiteElo "2239"]
[BlackElo "2072"]
[PlyCount "75"]
[EventDate "2019.10.11"]
[EventType "team"]
[EventRounds "11"]
[EventCountry "AUT"]
[WhiteTeam "SPG Sauwald"]
[BlackTeam "SV Aspernig Transporte St. Veit 2"]

1. e4 c5 2. Nf3 d6 3. c3 Nf6 4. Be2 Nbd7 5. Qc2 Qc7 6. d3 b6 7. Bf4 Bb7 8. Nbd2
g6 9. h3 Bg7 10. O-O O-O 11. Rfe1 a6 12. Bf1 Nh5 13. Bh2 b5 14. Rad1 Rac8 15.
g4 Nhf6 16. Bg2 e5 17. Nf1 h5 18. g5 Nh7 19. Qd2 f6 20. gxf6 Ndxf6 21. Qe3 Rce8
22. N1d2 Qe7 23. Bg3 Rf7 24. Kh1 Qf8 25. Nh4 Bh6 26. Qe2 Qg7 27. Rg1 Ng5 28.
Bh2 Nfh7 29. f3 Rf6 30. d4 exd4 31. cxd4 Bc8 32. dxc5 dxc5 33. e5 Rb6 34. Ne4
Bxh3 35. Nxg5 Nxg5 36. f4 Bxg2+ 37. Rxg2 Nh7 38. Qe4  1-0

[Event "2. BUNDESLIGA MITTE 2019/2020"]
[Site "Linz"]
[Date "2019.10.11"]
[Round "1"]
[Board "6"]
[White "Kobas, Mihael"]
[Black "Hellmayr, Alois"]
[Result "1/2-1/2"]
[WhiteElo "2058"]
[BlackElo "2242"]
[PlyCount "96"]
[EventDate "2019.10.11"]
[EventType "team"]
[EventRounds "11"]
[EventCountry "AUT"]
[WhiteTeam "SV Aspernig Transporte St. Veit 2"]
[BlackTeam "SPG Sauwald"]

1. d4 Nf6 2. c4 e6 3. g3 d5 4. Nf3 Bb4+ 5. Bd2 Be7 6. Bg2 O-O 7. O-O c6 8. Qc2
Nbd7 9. Rd1 Ne4 10. Be1 f5 11. Nc3 b6 12. cxd5 cxd5 13. Rac1 Ba6 14. e3 b5 15.
Bf1 Qb6 16. Qb3 Nd6 17. a3 Nc4 18. Na2 Rf7 19. Nb4 Bb7 20. Nd3 a5 21. Nde5
Ndxe5 22. Nxe5 Nxe5 23. dxe5 Ba6 24. Qc3 b4 25. axb4 Bxf1 26. Kxf1 Bxb4 27. Qc6
Ra6 28. Qxb6 Rxb6 29. Rc8+ Rf8 30. Rxf8+ Kxf8 31. Ra1 Bxe1 32. Kxe1 Rb5 33. Ra2
g5 34. f4 g4 35. Kd2 Ke7 36. Kc3 Kd7 37. Ra4 Kc6 38. b4 Kb6 39. Kb3 Rxb4+ 40.
Rxb4+ axb4 41. Kxb4 h6 42. Kc3 Kc5 43. Kd3 Kb4 44. Kd4 Kb5 45. Kc3 Ka4 46. Kd4
Kb4 47. Kd3 Kb3 48. Kd4 Kb4  1/2-1/2

[Event "2. BUNDESLIGA MITTE 2019/2020"]
[Site "Linz"]
[Date "2019.10.12"]
[Round "2"]
[Board "1"]
[White "Mostbauer, Maximilian"]
[Black "Rogic, Davor"]
[Result "1/2-1/2"]
[WhiteElo "2225"]
[BlackElo "2494"]
[PlyCount "92"]
[EventDate "2019.10.11"]
[EventType "team"]
[EventRounds "11"]
[EventCountry "AUT"]
[WhiteTeam "SPG Nettingsdorf/Traun"]
[BlackTeam "SV Aspernig Transporte St. Veit 2"]

1. d4 Nf6 2. Nf3 d5 3. e3 e6 4. c4 Nbd7 5. Nc3 a6 6. c5 c6 7. b4 Qc7 8. Bb2 Be7
9. Bd3 O-O 10. Qc2 h6 11. O-O e5 12. dxe5 Ng4 13. Na4 Ndxe5 14. Nxe5 Nxe5 15.
Bxe5 Qxe5 16. Nb6 Rb8 17. Nxc8 Rbxc8 18. e4 Bf6 19. exd5 Qxd5 20. Rad1 Qg5 21.
Rfe1 Rcd8 22. Bf1 Bd4 23. Rd3 Rd7 24. Red1 Rfd8 25. Qe2 Rd5 26. g3 Qf5 27. Kg2
g6 28. Qf3 Qe6 29. Qe2 Qd7 30. Qd2 h5 31. Be2 Qf5 32. Bf3 R5d7 33. h3 Kh7 34.
Qe2 Qf6 35. Qe4 Qg7 36. Qe2 h4 37. Qe4 hxg3 38. fxg3 f5 39. Qe2 Qf6 40. h4 Re7
41. Qc2 Qe5 42. Qc4 Red7 43. Qc1 Qe6 44. Qd2 Kg7 45. h5 gxh5 46. Qg5+ Qg6
 1/2-1/2

[Event "2. BUNDESLIGA MITTE 2019/2020"]
[Site "Linz"]
[Date "2019.10.12"]
[Round "2"]
[Board "2"]
[White "Dietmayer-Kraeutler, Marco"]
[Black "Gelbenegger, Patrick"]
[Result "0-1"]
[WhiteElo "2342"]
[BlackElo "2259"]
[PlyCount "118"]
[EventDate "2019.10.11"]
[EventType "team"]
[EventRounds "11"]
[EventCountry "AUT"]
[WhiteTeam "SV Aspernig Transporte St. Veit 2"]
[BlackTeam "SPG Nettingsdorf/Traun"]

1. d4 d5 2. c4 e6 3. Nc3 c6 4. e4 dxe4 5. Nxe4 Nf6 6. Nxf6+ Qxf6 7. Nf3 Bb4+ 8.
Bd2 Bxd2+ 9. Qxd2 O-O 10. Bd3 Nd7 11. O-O e5 12. Ng5 g6 13. Ne4 Qe7 14. Rae1
exd4 15. Qh6 Qe5 16. f4 Qg7 17. Qh4 f5 18. Nd6 Qf6 19. Qxf6 Rxf6 20. Re8+ Rf8
21. Rfe1 Nf6 22. R8e7 c5 23. Rc7 Rd8 24. Nxc8 Raxc8 25. Rxb7 Rd7 26. Rxd7 Nxd7
27. Re7 Rd8 28. h3 a5 29. Kf2 a4 30. Kf3 Nf6 31. g4 fxg4+ 32. hxg4 Rb8 33. Re2
Kf7 34. g5 Ng8 35. Rh2 Kg7 36. f5 gxf5 37. Bxf5 h6 38. Kg4 Rb6 39. Bd7 a3 40.
bxa3 Rg6 41. Kf5 hxg5 42. Be8 Nh6+ 43. Ke4 Re6+ 44. Kd5 Rxe8 45. Kxc5 Rd8 46.
a4 d3 47. Rd2 Nf5 48. a5 Ng3 49. Kb6 Ne4 50. Rd1 d2 51. a6 Nc3 52. Rg1 d1=Q 53.
Rxd1 Nxd1 54. Kc7 Rf8 55. c5 g4 56. c6 g3 57. Kb7 g2 58. a7 g1=Q 59. a8=N Rxa8
 0-1

[Event "2. BUNDESLIGA MITTE 2019/2020"]
[Site "Linz"]
[Date "2019.10.12"]
[Round "2"]
[Board "3"]
[White "Gaertner, Markus"]
[Black "Ceschia, Ivano"]
[Result "1-0"]
[WhiteElo "2139"]
[BlackElo "2211"]
[PlyCount "181"]
[EventDate "2019.10.11"]
[EventType "team"]
[EventRounds "11"]
[EventCountry "AUT"]
[WhiteTeam "SPG Nettingsdorf/Traun"]
[BlackTeam "SV Aspernig Transporte St. Veit 2"]

1. d4 e6 2. c4 Nf6 3. Nc3 Bb4 4. f3 d5 5. a3 Bxc3+ 6. bxc3 O-O 7. cxd5 Nxd5 8.
e4 Nxc3 9. Qb3 Nxe4 10. fxe4 Qh4+ 11. Qg3 Qxe4+ 12. Be3 Nc6 13. Rd1 f5 14. Bd3
Qd5 15. Ne2 Qa5+ 16. Bd2 Qxa3 17. O-O Qe7 18. Bb5 Bd7 19. Qb3 a6 20. Bxc6 Bxc6
21. Bb4 Qg5 22. Qxe6+ Kh8 23. Nf4 Rfe8 24. Qb3 Re4 25. g3 a5 26. Bc3 a4 27. Qb2
a3 28. Qb3 Qe7 29. Ba1 Re8 30. Rc1 Re3 31. Qc4 Qd7 32. Rb1 Be4 33. Rb3 Rxb3 34.
Qxb3 Qd6 35. Rc1 h6 36. d5 Kh7 37. Qxb7 Re7 38. Qc6 Qb4 39. Qc5 Qxc5+ 40. Rxc5
g5 41. Ne6 Bxd5 42. Rxc7 Rxc7 43. Nxc7 Bc4 44. Kf2 Kg6 45. Ne8 Bd5 46. Ke3 Bf7
47. Nd6 Be6 48. Kd4 f4 49. gxf4 gxf4 50. Ke5 f3 51. Ne4 Bc8 52. Kf4 Bb7 53. Nd2
f2 54. Kg3 Kf5 55. Kxf2 Bd5 56. Ke3 Kg4 57. Kf2 Kh3 58. Kg1 a2 59. Nf1 Bc4 60.
Ng3 Bd3 61. Nh5 Be4 62. Bc3 Bc6 63. Bb2 Kh4 64. Nf4 Kg4 65. Ne6 Bd5 66. Nd4 Bc6
67. Nb3 Bd5 68. Na1 Bc6 69. Kf2 Kf4 70. Ke2 Kg4 71. Kd2 Kh3 72. Be5 Be8 73. Kc3
h5 74. Kb2 Bf7 75. Nc2 Kg4 76. Nb4 Kf5 77. Bc7 Kg4 78. Nxa2 Kf3 79. Nb4 Be6 80.
Kc3 Ke4 81. Nc6 Bd7 82. Ne7 Be6 83. Ng6 Bf7 84. Nh4 Be6 85. Kd2 Bg4 86. Ke1 Ke3
87. Bb6+ Ke4 88. Kf2 Bd1 89. Kg3 Ke5 90. Ng2 Kf6 91. Kh4  1-0

[Event "2. BUNDESLIGA MITTE 2019/2020"]
[Site "Linz"]
[Date "2019.10.12"]
[Round "2"]
[Board "4"]
[White "Hebesberger, Thomas"]
[Black "Schloffer, Jasmin-Denise"]
[Result "1/2-1/2"]
[WhiteElo "2241"]
[BlackElo "2084"]
[PlyCount "105"]
[EventDate "2019.10.11"]
[EventType "team"]
[EventRounds "11"]
[EventCountry "AUT"]
[WhiteTeam "SV Aspernig Transporte St. Veit 2"]
[BlackTeam "SPG Nettingsdorf/Traun"]

1. c4 c5 2. g3 g6 3. Bg2 Bg7 4. Nc3 Nc6 5. b3 d6 6. Bb2 e5 7. e3 Nge7 8. Nge2
O-O 9. O-O f5 10. d3 Rb8 11. Qd2 Be6 12. Nd5 Bf7 13. Nec3 Nxd5 14. Nxd5 Ne7 15.
Nxe7+ Qxe7 16. Rad1 Rbd8 17. Qc2 b6 18. Rfe1 Qc7 19. Bc3 d5 20. cxd5 Bxd5 21.
Bxd5+ Rxd5 22. e4 Rdd8 23. exf5 Rxf5 24. Re4 Rdf8 25. Rd2 Qd7 26. Qd1 Rd8 27.
Qe2 Qd5 28. Qe3 h5 29. Qe2 Bh6 30. Rd1 Bg7 31. Ra4 Rf7 32. Qe4 Qxe4 33. Rxe4
Rd5 34. Kf1 Rfd7 35. Ke2 Kf7 36. a4 a5 37. g4 hxg4 38. Rxg4 e4 39. Bxg7 exd3+
40. Kd2 Kxg7 41. Re1 Rf5 42. f4 Rd4 43. Re3 Rfxf4 44. Rxf4 Rxf4 45. Kxd3 Rb4
46. Kc3 Kf6 47. Rf3+ Kg5 48. Rd3 Kf4 49. h4 Ke5 50. Rg3 Kf6 51. Rd3 Ke5 52. Rg3
Kf6 53. Rd3  1/2-1/2

[Event "2. BUNDESLIGA MITTE 2019/2020"]
[Site "Linz"]
[Date "2019.10.12"]
[Round "2"]
[Board "5"]
[White "Ehs, Dominik"]
[Black "Guetz, Wolfgang"]
[Result "1/2-1/2"]
[WhiteElo "2087"]
[BlackElo "2072"]
[PlyCount "105"]
[EventDate "2019.10.11"]
[EventType "team"]
[EventRounds "11"]
[EventCountry "AUT"]
[WhiteTeam "SPG Nettingsdorf/Traun"]
[BlackTeam "SV Aspernig Transporte St. Veit 2"]

1. e4 c5 2. Nf3 d6 3. d4 cxd4 4. Nxd4 Nf6 5. Nc3 Nc6 6. Be2 e5 7. Nb3 Be7 8.
O-O O-O 9. f4 Be6 10. f5 Bxb3 11. axb3 Qb6+ 12. Kh1 a6 13. Bf3 Rac8 14. Qe1 Qc7
15. Be3 Nb4 16. Qf2 b5 17. Rfd1 Qb7 18. Rd2 Rfd8 19. Bg5 Ne8 20. Bxe7 Qxe7 21.
g4 f6 22. Rg1 Kh8 23. h4 Nc7 24. g5 Nc6 25. Qe3 Nd4 26. Rdg2 b4 27. Na4 Rb8 28.
h5 fxg5 29. Rxg5 Nxc2 30. Qf2 Nd4 31. Bd1 Qf6 32. Qg3 Rd7 33. Qh3 Nc6 34. h6
gxh6 35. Rh5 Rg8 36. Rxg8+ Kxg8 37. Rxh6 Qg5 38. f6 Rf7 39. Be2 Qc1+ 40. Kh2
Qf4+ 41. Qg3+ Qxg3+ 42. Kxg3 Rf8 43. Bc4+ Kh8 44. Nb6 Rd8 45. f7 Kg7 46. Rh5
Ne7 47. Rg5+ Ng6 48. Rf5 h6 49. Kh2 Nf8 50. Rf1 Nfe6 51. Nd5 Nxd5 52. Bxd5 Ng5
53. Ra1  1/2-1/2

[Event "2. BUNDESLIGA MITTE 2019/2020"]
[Site "Linz"]
[Date "2019.10.12"]
[Round "2"]
[Board "6"]
[White "Kobas, Mihael"]
[Black "Poell, Markus"]
[Result "1/2-1/2"]
[WhiteElo "2058"]
[BlackElo "2121"]
[PlyCount "96"]
[EventDate "2019.10.11"]
[EventType "team"]
[EventRounds "11"]
[EventCountry "AUT"]
[WhiteTeam "SV Aspernig Transporte St. Veit 2"]
[BlackTeam "SPG Nettingsdorf/Traun"]

1. d4 d5 2. c4 e6 3. Nf3 c6 4. e3 Bd6 5. b3 f5 6. Bd3 Nf6 7. O-O O-O 8. Ba3
Bxa3 9. Nxa3 Ne4 10. Nb1 Nd7 11. Qc2 Qf6 12. Nc3 Qh6 13. Ne2 Ndf6 14. Ne5 Nd7
15. Nf3 Ndf6 16. Ne5 Nd7 17. Nf3 g5 18. Ne5 Nxe5 19. dxe5 Nc5 20. cxd5 Nxd3 21.
Qxd3 exd5 22. f4 Qg6 23. fxg5 Qxg5 24. Rf3 Qe7 25. Raf1 Qxe5 26. Nd4 Bd7 27.
Nxf5 Bxf5 28. Rxf5 Rxf5 29. Rxf5 Qe7 30. Rf3 Rf8 31. Rg3+ Kh8 32. Qd4+ Qf6 33.
Rf3 Qxd4 34. Rxf8+ Kg7 35. Rg8+ Kxg8 36. exd4 a5 37. Kf2 Kf7 38. Kf3 b6 39. g4
c5 40. Ke3 Ke6 41. Kd3 h5 42. gxh5 Kf6 43. Kc3 Kg5 44. a3 Kxh5 45. dxc5 bxc5
46. b4 d4+ 47. Kc4 cxb4 48. Kxd4 Kh4  1/2-1/2

[Event "2. BUNDESLIGA MITTE 2019/2020"]
[Site "Linz"]
[Date "2019.10.12"]
[Round "2"]
[Board "1"]
[White "Tratar, Marko"]
[Black "Schmidt, Peter"]
[Result "1/2-1/2"]
[WhiteElo "2443"]
[BlackElo "2396"]
[PlyCount "60"]
[EventDate "2019.10.11"]
[EventType "team"]
[EventRounds "11"]
[EventCountry "AUT"]
[WhiteTeam "Frauental"]
[BlackTeam "SPG Sauwald"]

1. c4 e5 2. g3 Nf6 3. Bg2 c6 4. Nf3 e4 5. Nd4 d5 6. d3 Bc5 7. Nb3 Bb4+ 8. Bd2
Bxd2+ 9. Qxd2 dxc4 10. dxc4 Qe7 11. Nc3 O-O 12. O-O e3 13. Qxe3 Qxe3 14. fxe3
Ng4 15. Nd1 a5 16. Rc1 Ne5 17. Nc5 Na6 18. Nd3 Re8 19. a3 Bg4 20. Kf2 Rad8 21.
Nxe5 Rxe5 22. Nc3 Kf8 23. Rfd1 Rde8 24. Rd4 Bf5 25. e4 Bg6 26. Rcd1 f6 27. Rd8
Bf7 28. b3 Rxd8 29. Rxd8+ Ke7 30. Rd2 Bg6  1/2-1/2

[Event "2. BUNDESLIGA MITTE 2019/2020"]
[Site "Linz"]
[Date "2019.10.12"]
[Round "2"]
[Board "2"]
[White "Renner, Christoph"]
[Black "Schachinger, Mario"]
[Result "1/2-1/2"]
[WhiteElo "2311"]
[BlackElo "2402"]
[PlyCount "97"]
[EventDate "2019.10.11"]
[EventType "team"]
[EventRounds "11"]
[EventCountry "AUT"]
[WhiteTeam "SPG Sauwald"]
[BlackTeam "Frauental"]

1. e4 c5 2. Be2 Nc6 3. f4 g6 4. Nf3 Bg7 5. O-O d5 6. d3 b6 7. c3 dxe4 8. dxe4
Qxd1 9. Rxd1 Bb7 10. Na3 Nh6 11. h3 f6 12. Bc4 Nf7 13. Be3 Nd6 14. Bd5 O-O-O
15. e5 Nf5 16. exf6 Bxf6 17. Be6+ Kb8 18. Nc4 Rxd1+ 19. Rxd1 Nd8 20. Bxf5 Bxf3
21. gxf3 gxf5 22. Ne5 Bxe5 23. fxe5 Kc8 24. b4 cxb4 25. cxb4 Ne6 26. Rc1+ Kb7
27. Rc4 b5 28. Rh4 h5 29. Kf2 a6 30. Bc5 Rh7 31. Ke3 Kc6 32. Bd4 Kd5 33. Bc3
Rh8 34. Kd3 Rg8 35. Bd2 Rg3 36. Ke3 f4+ 37. Kf2 Rg5 38. Bxf4 Rf5 39. Ke3 Nxf4
40. Rxf4 Rxe5+ 41. Kd3 Rg5 42. h4 Rg2 43. Rf5+ Kd6 44. Rxh5 Rxa2 45. f4 Ra3+
46. Ke4 Rb3 47. Rd5+ Ke6 48. Rd4 Rh3 49. Rd8  1/2-1/2